| 000 | 00814nam a22002295i 4500 | ||
|---|---|---|---|
| 001 | 176010 | ||
| 003 | ES-MaACL | ||
| 005 | 20250828102913.0 | ||
| 008 | 101209s1967 sp a |||| | spa d | ||
| 080 | _a371.2 | ||
| 100 | 1 |
_aLavara Gros, Eliseo. _970690 |
|
| 245 | 1 | 0 |
_aOrganización escolar / _cEliseo Lavara Gros. |
| 260 |
_aMadrid : _bCompañía Bibliográfica Española, _c[1967] |
||
| 300 |
_aXXIII, 541 p. : _bil. ; _c25 cm. |
||
| 490 | 1 |
_aBiblioteca de pedagogía práctica ; _v1-A. _aTiempo y educación |
|
| 500 | _aÍndice. | ||
| 650 |
_aAdministración y organización escolar. _9142207 |
||
| 710 | 2 |
_aCompañía Bibliográfica Española. _9171207 |
|
| 830 | 1 | 0 |
_aBiblioteca de pedagogía práctica _v1-A. _9189900 |
| 852 |
_aES-MaACL _jE-13744 _xOlim P-1372 |
||
| 999 |
_c176010 _d176010 |
||